Normal view
MARC view
- Dante Alighieri,
Entry Personal Name
001 - CONTROL NUMBER
- control field: 5616
003 - CONTROL NUMBER IDENTIFIER
- control field: NUST
005 - DATE AND TIME OF LATEST TRANSACTION
- control field: 20171024171620.0
008 - FIXED-LENGTH DATA ELEMENTS
- fixed length control field: 171024|| aca||aabn | a|a d
040 ## - CATALOGING SOURCE
- Original cataloging agency: NUST
- Transcribing agency: NUST
100 ## - HEADING--PERSONAL NAME
- Personal name: Dante Alighieri,
- Dates associated with a name: 1265-1321.
- Title of a work: Inferno
- Form subdivision: Fiction.
670 ## - SOURCE DATA FOUND
- Source citation: Work cat.: (NUST)0: Brown, Dan, 1964- 4573, Inferno /, 2013.
